000 00661cam a2200241 a 4500
001 2998661
005 20231127235750.0
008 931116s1994 vau b 001 0 eng
020 _a081391521X
020 _a0813915228 (pbk.)
040 _aDLC
_cDLC
_dDLC
082 0 0 _a305.4
_220
245 0 0 _aWomen as subjects :
_bSouth Asian histories /
_cedited by Nita Kumar.
260 _aCharlottesville :
_bUniversity Press of Virginia,
_c1994.
300 _a239 p.
490 1 _aFeminist issues : practice, politics, theory
650 0 _aWomen
650 0 _aWomen
650 0 _aWomen's rights
650 0 _aFeminism
700 1 _aKumar, Nita,
_eedt
942 _cL
999 _c91
_d91